Регионална библиотека "Любен Каравелов" - Русе

1001 неща, които да откриеш в морето : Книга-игра (Запис номер 329128)

MARC детайли
000 -Лидер
Контролно поле с фиксирана дължина 00823nam a2200265 a 4500
003 - Код на организацията, давaща контролен номер
Контролно поле BLK
005 - Дата и час на последна редакция
Контролно поле 20250714101237.0
008 - Елементи от данни с фиксирана дължина
fixed length control field 190214b bu ||||| |||| 00| 0 bu d
020 ## - Международен стандартен номер на книга ISBN
Международен стандартен номер на книга ISBN 978-954-9749-68-7
040 ## - Източник на каталожния запис
Идентификатор на билиотеката - собственик на записа BLK
041 ## - Код за език
Код за езика на текст/звукозапис или на отделно заглавие Български
Код за езика КДБФ Български
080 ## - УДК
Текстов определител УДК География, обща
УДК код - определител по УДК 911
УДК определител :087.5
УДК - код + определител 911:087.5
100 ## - Редна дума - Автор
R(LIN) 390174
Автор Дейнс, Кейти
139 ## - Редно поле
Редна дума Дейнс, Кейт
Авторски знак Деи - Д 34
245 ## - Сведения за заглавието
Заглавие 1001 неща, които да откриеш в морето : Книга-игра
260 ## - Област на издателските данни
9 (RLIN) 216689
Място на издаване, разпространение и проч. София
Име на издателя, разпространителя и проч. Клевър Бук
Година на издаване 2015
300 ## - Физическа характеристика
Страници 32 с.
Размери/Мащаб 29 см
380 ## - Жанр
Жанр География
700 ## - Други автори (авторска отговорност)
9 (RLIN) 599
Лично име Гоуър, Тери
Автороска отговорност (Описва отношението между автора и произведението) ил.
852 ## - Местоположение
Фондова буква Детски отдел
Систематично-азбучна сигнатура ДН 0/Д 34
999 ## - СИСТЕМНИ КОНТРОЛНИ НОМЕРА
Koha biblionumber 329128
Koha biblioitemnumber 329128
942 ## - АРТИКУЛИ
Вид на библиотечния материал Книги
Скрит в OPAC Не
Koha issues (borrowed), all copies 39
Периодичен библиозапис Да
999 ## - СИСТЕМНИ КОНТРОЛНИ НОМЕРА
Koha biblioitemnumber 329128
999 ## - СИСТЕМНИ КОНТРОЛНИ НОМЕРА
Koha biblioitemnumber 329128
944 ## - СЪЗДАВАНЕ И РЕДАКЦИЯ на ЗАПИСА
Служител, извършил регистрацията/редакцията 30542
Статус, дата на статуса Русанова Ирена
Наличности
Код за отписване Код за изгубен артикул Източник на класификационната схема Код за повреда Коз за рестрикции Код за отдаване Артикулен № Име на библиотеката - собственик Име на библиотеката, в която се намира в момента Статус (Текущо местоположение) Дата на вписване в системата Местоположение - отдел Цена в лева Систематично азбучна сигнатура Баркод Цена в евро Служебен тип на артикула
  Не е изгубен Universal Decimal Classification Не е повреден без рестрикции заемане за дома 689641 Регионална библиотека "Любен Каравелов" Русе Регионална библиотека "Любен Каравелов" Русе Детски отдел 2019-02-19 Детски отдел 5.99 ДН 9/Д 34 120000830144 3.06 Книги
  Не е изгубен Universal Decimal Classification Не е повреден без рестрикции заемане за дома 749711 Регионална библиотека "Любен Каравелов" Русе Регионална библиотека "Любен Каравелов" Русе Детски отдел 2019-11-21 Детски отдел 4.18 ДН 9/Д 34 120000837824 2.14 Книги
  Не е изгубен Universal Decimal Classification Не е повреден без рестрикции заемане за дома 749712 Регионална библиотека "Любен Каравелов" Русе Регионална библиотека "Любен Каравелов" Русе Детски отдел 2019-11-21 Детски отдел 4.18 ДН 9/Д 34 120000837823 2.14 Книги
  Не е изгубен Universal Decimal Classification Не е повреден без рестрикции заемане за дома 749713 Регионална библиотека "Любен Каравелов" Русе Регионална библиотека "Любен Каравелов" Русе Детски отдел 2019-11-21 Детски отдел 4.18 ДН 9/Д 34 120000837825 2.14 Книги
  Не е изгубен Universal Decimal Classification Не е повреден само за читалня ползва се в читалня 798882 Регионална библиотека "Любен Каравелов" Русе Регионална библиотека "Любен Каравелов" Русе Хранилище 2020-09-14 Хранилище 5.99 Цб ІІ 25526 120000846189 3.06 Книги
Vip Innovations Ltd, Rousse, Bulgaria 2025